<?xml version="1.0" encoding="UTF-8"?>
<collection xmlns="http://www.loc.gov/MARC21/slim">
 <record>
  <leader>00617pamaa2200169   4500</leader>
  <controlfield tag="001">0000017397</controlfield>
  <controlfield tag="005">20060324090000.0</controlfield>
  <datafield tag="020" ind1="0" ind2="0">
   <subfield code="a">0807819026 </subfield>
  </datafield>
  <datafield tag="082" ind1=" " ind2=" ">
   <subfield code="a">540.943  JOH</subfield>
  </datafield>
  <datafield tag="090" ind1="0" ind2="0">
   <subfield code="a">QD18 </subfield>
   <subfield code="b">JOH</subfield>
  </datafield>
  <datafield tag="100" ind1="1" ind2="0">
   <subfield code="a">JOHNSON </subfield>
  </datafield>
  <datafield tag="245" ind1="1" ind2="4">
   <subfield code="a">The Kaiser's chemists : </subfield>
   <subfield code="b">science and modernization in imperial Germany  </subfield>
   <subfield code="c">Jeffrey Allan Johnson.</subfield>
  </datafield>
  <datafield tag="260" ind1="0" ind2="0">
   <subfield code="a">Chapel Hill: </subfield>
   <subfield code="b">The University of North Carolina Press, </subfield>
   <subfield code="c">1990.</subfield>
  </datafield>
  <datafield tag="300" ind1=" " ind2=" ">
   <subfield code="a">ix, 279p.: </subfield>
   <subfield code="b">24cm.</subfield>
  </datafield>
  <datafield tag="650" ind1="0" ind2="0">
   <subfield code="a">Science and state -- </subfield>
   <subfield code="x">History -- </subfield>
   <subfield code="x">20th century -- </subfield>
   <subfield code="z">Germany </subfield>
  </datafield>
  <datafield tag="650" ind1="0" ind2="0">
   <subfield code="a">Chemistry -- </subfield>
   <subfield code="x">History -- </subfield>
   <subfield code="x">20th century -- </subfield>
   <subfield code="z">Germany </subfield>
  </datafield>
  <datafield tag="710" ind1="1" ind2="1">
   <subfield code="a">Kaiser Wilhelm Institut fur Chemie </subfield>
  </datafield>
 </record>
</collection>
